[Event "Warsaw Agape"]
[Site "Warsaw"]
[Date "2008.05.21"]
[Round "9"]
[White "Wojtaszewski, Piotr"]
[Black "Karniewski, Zbigniew"]
[Result "0-1"]
[WhiteElo "1938"]
[BlackElo "2176"]
[PlyCount "56"]
[EventDate "2008.03.05"]
[EventType "tourn"]
[EventRounds "9"]
[EventCountry "POL"]
[SourceTitle "EXT 2023"]
[Source "ChessBase"]
[SourceDate "2022.10.05"]
[SourceVersion "1"]
[SourceVersionDate "2022.10.05"]
[SourceQuality "1"]

1. e4 c5 2. Nf3 e6 3. d4 cxd4 4. Nxd4 Nf6 5. Bg5 Qa5+ 6. Qd2 Bb4 7. c3 Nxe4 8. cxb4 Qxg5 9. Qc2 Nc6 10. Nxc6 dxc6 11. Bd3 Nf6 12. 0-0 Nd5 13. a3 Nf4 14. f3 a5 15. bxa5 Rxa5 16. Nc3 f5 17. b4 Re5 18. Rae1 Rxe1 19. Rxe1 0-0 20. Bf1 Rd8 21. Kh1 Rd4 22. g3 Ng6 23. f4 Qd8 24. Rd1 e5 25. fxe5 Nxe5 26. Re1 Ng4 27. Ne2 Re4 28. Rd1 Nf2+ 0-1

[Event "Warsaw Agape"]
[Site "Warsaw"]
[Date "2008.04.09"]
[Round "5"]
[White "Brudzinski, Maciej"]
[Black "Karniewski, Zbigniew"]
[Result "1/2-1/2"]
[WhiteElo "2114"]
[BlackElo "2176"]
[PlyCount "40"]
[EventDate "2008.03.05"]
[EventType "tourn"]
[EventRounds "9"]
[EventCountry "POL"]
[SourceTitle "EXT 2023"]
[Source "ChessBase"]
[SourceDate "2022.10.05"]
[SourceVersion "1"]
[SourceVersionDate "2022.10.05"]
[SourceQuality "1"]

1. e4 c5 2. d3 Nc6 3. g3 d5 4. Nd2 Nf6 5. Ngf3 Bg4 6. c3 dxe4 7. dxe4 Nxe4 8. Qa4 Nxd2 9. Nxd2 Qd5 10. Qxg4 Qxh1 11. Nf3 e6 12. Bd2 f5 13. Qf4 Bd6 14. Qxd6 Qxf3 15. Qxe6+ Ne7 16. Bb5+ Kf8 17. Be3 Qh1+ 18. Bf1 Qe4 19. Qxe4 fxe4 20. Bxc5 b6 1/2-1/2

[Event "Warsaw op"]
[Site "Warsaw"]
[Date "1993.??.??"]
[Round "9"]
[White "Adamski, Andrzej"]
[Black "Karniewski, Zbigniew"]
[Result "0-1"]
[WhiteElo "2305"]
[BlackElo "2205"]
[PlyCount "79"]
[EventDate "1993.??.??"]
[EventType "swiss"]
[EventRounds "9"]
[EventCountry "POL"]
[SourceTitle "TD"]
[Source "ChessBase"]
[SourceDate "1994.03.01"]
[SourceVersion "1"]
[SourceVersionDate "1994.03.01"]
[SourceQuality "1"]

1. e4 c5 2. c3 d5 3. exd5 Qxd5 4. d4 e6 5. Nf3 Nf6 6. Be3 Ng4 7. Nbd2 Be7 8. Bc4 Qd8 9. Ne5 Nxe3 10. fxe3 Bh4+ 11. g3 Bf6 12. Ng4 cxd4 13. Nxf6+ Qxf6 14. exd4 0-0 15. Rf1 Qg6 16. Nf3 Nc6 17. Bd3 Qh5 18. Qe2 e5 19. Nxe5 Qxe2+ 20. Bxe2 Nxe5 21. dxe5 Bh3 22. Rf4 Rae8 23. Re4 f6 24. Bc4+ Be6 25. 0-0-0 fxe5 26. Bb5 Bf5 27. Bxe8 Bxe4 28. Bd7 Rf2 29. Be6+ Kf8 30. Rd7 Rc2+ 31. Kd1 Rxb2 32. Rf7+ Ke8 33. Rxg7 Rxh2 34. Ke1 Rh6 35. Bb3 Bc6 36. Rg5 e4 37. Ke2 Ke7 38. Kf2 Rf6+ 39. Kg2 e3+ 40. Bd5 0-1

[Event "Bielsko Biala op"]
[Site "Bielsko Biala"]
[Date "1990.??.??"]
[Round "1"]
[White "Karniewski, Zbigniew"]
[Black "Staniszewski, Piotr"]
[Result "1/2-1/2"]
[WhiteElo "2255"]
[BlackElo "2410"]
[PlyCount "45"]
[EventDate "1990.??.??"]
[EventType "swiss"]
[EventRounds "11"]
[EventCountry "POL"]
[SourceTitle "EXT 1997"]
[Source "ChessBase"]
[SourceDate "1996.11.15"]
[SourceVersion "1"]
[SourceVersionDate "1996.11.15"]
[SourceQuality "1"]

1. e4 c5 2. Nf3 e6 3. Nc3 Nc6 4. g3 Nf6 5. Bg2 d6 6. d4 cxd4 7. Nxd4 Bd7 8. 0-0 Be7 9. h3 0-0 10. Be3 Qc7 11. Qe2 Rac8 12. a4 Rfd8 13. Rad1 a6 14. f4 Na5 15. g4 Nc4 16. Bc1 e5 17. g5 exd4 18. gxf6 dxc3 19. fxe7 Re8 20. b3 Nd2 21. Bxd2 cxd2 22. Qxd2 Rxe7 23. Qxd6 1/2-1/2